El viaje al centro del cuerpo humano / (Registro nro. 8694)

Detalles MARC
000 -CABECERA
Longitud fija campo de control 00980nam a2200253 4500
003 - • IDENTIFICADOR DELl NÚMERO DE CONTROL
Identificador del número de control CO-ViMGA
020 ## - • NÚMERO INTERNACIONAL NORMALIZADO PARA LIBROS
Número Internacional Normalizado para Libros (ISBN) 9789589862278
040 ## - FUENTE DE LA CATALOGACIÓN
Centro catalogador de origen CO-ViMGA
Lengua de catalogación spa
Centro transcriptor CO-ViMGA
082 04 - • NÚMERO DE LA CLASIFICACIÓN DECIMAL DEWEY
Número de clasificación (R) 611
Número del ítem V31
110 ## - • PUNTO DE ACCESO PRINCIPAL-NOMBRE DE ENTIDAD CORPORATIVA
Nombre de entidad corporativa o nombre de jurisdicción como elemento inicial Brijbasi Art Press Limited
245 10 - • TITULO PROPIAMENTE DICHO
Título El viaje al centro del cuerpo humano /
Mención de responsabilidad, etc. textos Brijbasi Art Press Limited ; traducción Carolina Berduque
250 ## - • MENCIÓN DE EDICIÓN
Mención de edición Edición especial
300 ## - • DESCRIPCIÓN FÍSICA
Extensión [14] páginas :
Otras características físicas ilustraciones en color ; 34 cm.
490 ## - • MENCIÓN DE SERIE
Mención de serie Plan Nacional de Lectura y Escritura Leer es mi cuento / Ministerio de Cultura
500 ## - • NOTA GENERAL
Nota general Recomendado para un público infantil mayor de 9 años
500 ## - • NOTA GENERAL
Nota general Incluye glosario e índice
534 ## - • Nota De Versión Original
Título 3D human body
650 14 - • PUNTO DE ACCESO ADICIONAL DE MATERIA - TÉRMINO DE MATERIA
Término de materia o nombre geográfico como elemento inicial Anatomia humana
Subdivisión de forma Enseñanza elemental
650 14 - • PUNTO DE ACCESO ADICIONAL DE MATERIA - TÉRMINO DE MATERIA
Término de materia o nombre geográfico como elemento inicial Cuerpo humano
Subdivisión de forma Enseñanza elemental
650 14 - • PUNTO DE ACCESO ADICIONAL DE MATERIA - TÉRMINO DE MATERIA
Término de materia o nombre geográfico como elemento inicial Fisiología humana
Subdivisión de forma Enseñanza elemental
700 1# - • PUNTO DE ACCESO ADICIONAL - NOMBRE DE PERSONA
Nombre de persona Berduque, María Carolina
942 ## - ENTRADA DE ELEMENTOS AGREGADOS (KOHA)
Fuente de clasificaión o esquema Dewey Decimal Classification
Koha [por defecto] tipo de item LIbro
Existencias
Perdido Fuente de clasificación o esquema Estado Físico No para préstamo Forma de adquisición Localización permanente Localización actual Localización en estanterías Fecha adquisición Préstamos totales Signatura completa Código de barras Fecha última consulta Número de copia Fecha del precio de reemplazo Tipo de item de Koha Renovaciones totales Fecha último préstamo Fuente de adquisición Calificador de ubicación codificada
  Dewey Decimal Classification     Infantil Biblioteca Pública Cubarral Biblioteca Pública Cubarral Sala Infantil 07/04/2023   611 V31 CUB00097 07/04/2023 Ej.1 07/04/2023 Libro Infantil        
  Dewey Decimal Classification     Infantil Biblioteca Pública Dorado Biblioteca Pública Dorado Sala Infantil 03/06/2023   611 V31 DOR02691 03/06/2023 Ej.1 03/06/2023 Libro Infantil        
  Dewey Decimal Classification     Sala General Biblioteca Pública José Eustasio Rivera - San Martin Biblioteca Pública José Eustasio Rivera - San Martin General 07/27/2023   611 V31 SM001419 07/27/2023 Ej.1 07/27/2023 Libro Infantil        
  Dewey Decimal Classification     Colección General Biblioteca Pública Puerto Lleras Biblioteca Pública Puerto Lleras Sala Infantil 12/28/2023   611 V31 PLL01043 12/28/2023 Ej.1 12/28/2023 Libro Infantil        
  Dewey Decimal Classification     Infantil Biblioteca Pública Puerto López - Jorge Eliecer Gaitán Biblioteca Pública Puerto López - Jorge Eliecer Gaitán Sala Infantil 05/10/2025   611 V31 PLZ00983 05/10/2025 Ej.1 05/10/2025 LIbro        
  Dewey Decimal Classification     Infantil Biblioteca Pública San Carlos de Guaroa - Eduardo Carranza Biblioteca Pública San Carlos de Guaroa - Eduardo Carranza Sala Infantil 06/30/2023   611 V31 SG00808 06/30/2023 Ej.1 06/30/2023 Libro Infantil        
  Dewey Decimal Classification     Sala General Biblioteca Comunitaria - Villavicencio Biblioteca Comunitaria - Villavicencio   02/06/2019   611 V31 32465 02/06/2019   02/06/2019 LIbro        
  Dewey Decimal Classification Damaged   Sala Infantil Segundo Piso Biblioteca Pública Germán Arciniegas - Villavicencio Biblioteca Pública Germán Arciniegas - Villavicencio   02/06/2019 3 611 V31 32464 08/11/2021   02/06/2019 LIbro 1 07/23/2021    
  Dewey Decimal Classification     Infantil Biblioteca Pública Guamal Biblioteca Pública Guamal Sala Infantil 03/01/2023   611 V31 GUA001862 03/01/2023 Ej.1 03/01/2023 Libro Infantil        
  Dewey Decimal Classification     Infantil Biblioteca Pública Rural El Yarí- vereda Playa Rica La Macarena Biblioteca Pública Rural El Yarí- vereda Playa Rica La Macarena Sala Infantil 11/08/2024   611 V31 9789589862278 06/06/2025 Ej.1 06/06/2025 LIbro     ministerio de cultura 9789589862278
  Dewey Decimal Classification     Infantil Biblioteca Pública San Juanito - Ernesto Maria Peña Romero Biblioteca Pública San Juanito - Ernesto Maria Peña Romero Sala Infantil 01/15/2025 2 611 V31 SJU01177 02/25/2026 Ej.1 01/15/2025 LIbro   07/24/2025    









Instituto Departamental de Cultura del Meta - Red Departamental de Bibliotecas Públicas del Meta.